00379nam a2200145 a 45000010005000000030009000050080041000140400028000550820015000832450049000982600035001473000008001825000026001906500017002165161CO-ViMGA141112s2004 ck r 000 u spa d aCO-ViMGAbspacCO-ViMGA04a155.2 M15810aManual de la psicología de la personalidad aBarcelona : bPaidós, c1996 a2 v aEn colección v.2. 14aPERSONALIDAD